[Event "44th Chess Olympiad Open 2022"]
[Site "Chennai"]
[Date "2022.07.30"]
[Round "2.20"]
[White "Matamoros Franco, Carlos S."]
[Black "Deac, Bogdan-Daniel"]
[Result "0-1"]
[WhiteElo "2459"]
[BlackElo "2692"]
[Annotator "TA"]
[PlyCount "56"]
[EventDate "2022.07.29"]
[EventType "team-tourn"]
[EventCountry "IND"]
[SourceTitle "playchess.com"]
[Source "ChessBase"]
[SourceQuality "1"]
[WhiteTeam "Ecuador"]
[BlackTeam "Romania"]
[WhiteTeamCountry "ECU"]
[BlackTeamCountry "ROU"]

1. Nf3 d5 2. g3 Nd7 3. c4 dxc4 4. Qa4 a6 5. Qxc4 b5 6. Qb3 e6 7. Bg2 Bb7 8. O-O
Ngf6 9. Nc3 c5 10. d3 Rc8 11. Bg5 Be7 12. Nd2 Bxg2 13. Kxg2 h6 14. Bxf6 Nxf6
15. Rfd1 Qb6 16. a4 Rb8 17. axb5 axb5 18. Qa2 Qc6+ 19. Kg1 O-O 20. Qa7 Nd7 21.
Qa6 Rb6 22. Qa2 Rc8 23. Rdc1 f5 24. Nf3 Bf6 25. Qb3 Qb7 26. Ra2 c4 27. dxc4 Nc5
28. Qc2 b4 0-1

[Event "44th Chess Olympiad Open 2022"]
[Site "Chennai"]
[Date "2022.07.30"]
[Round "2.21"]
[White "Yilmaz, Mustafa"]
[Black "Greet, Andrew N"]
[Result "1-0"]
[WhiteElo "2634"]
[BlackElo "2392"]
[Annotator "TA"]
[PlyCount "117"]
[EventDate "2022.07.29"]
[EventType "team-tourn"]
[EventCountry "IND"]
[SourceTitle "playchess.com"]
[Source "ChessBase"]
[SourceQuality "1"]
[WhiteTeam "Turkey"]
[BlackTeam "Scotland"]
[WhiteTeamCountry "TUR"]
[BlackTeamCountry "SCO"]

1. d4 e6 2. c4 f5 3. g3 Nf6 4. Bg2 d5 5. Nf3 Bd6 6. Qc2 O-O 7. O-O c6 8. Bf4
Bxf4 9. gxf4 Ne4 10. Nc3 Nd7 11. Rac1 Rf6 12. e3 Rh6 13. h3 Qe7 14. Kh2 b6 15.
Rg1 Bb7 16. Nxe4 fxe4 17. Ne5 Nxe5 18. dxe5 Qh4 19. Bf1 d4 20. c5 d3 21. Qd2
bxc5 22. Rg3 Qd8 23. Bg2 Qd5 24. f3 c4 25. fxe4 Qb5 26. Bf3 Ba6 27. Rcg1 Rg6
28. Bg4 Rb8 29. Bxe6+ Kf8 30. Rxg6 hxg6 31. b3 cxb3 32. axb3 Qc5 33. Rxg6 Qc2
34. Rg2 Qxd2 35. Rxd2 Rb4 36. Kg3 Ke7 37. Bc4 Bxc4 38. bxc4 Rb3 39. Kf3 a5 40.
Ra2 Rb1 41. Rd2 Rb3 42. f5 a4 43. e6 a3 44. e5 g6 45. fxg6 Kxe6 46. Ke4 c5 47.
Rf2 Rb8 48. g7 Rg8 49. Rf6+ Ke7 50. Kxd3 Rxg7 51. Ra6 Rg3 52. Rxa3 Rxh3 53. Ra5
Ke6 54. Rxc5 Rh4 55. Rd5 Rg4 56. e4 Rg1 57. Kd4 Rd1+ 58. Kc5 Re1 59. Kc6 1-0

[Event "44th Chess Olympiad Open 2022"]
[Site "Chennai"]
[Date "2022.07.30"]
[Round "2.21"]
[White "Sanal, Vahap"]
[Black "Olson, Hamish"]
[Result "1-0"]
[WhiteElo "2574"]
[BlackElo "2343"]
[Annotator "TA"]
[PlyCount "103"]
[EventDate "2022.07.29"]
[EventType "team-tourn"]
[EventCountry "IND"]
[SourceTitle "playchess.com"]
[Source "ChessBase"]
[SourceQuality "1"]
[WhiteTeam "Turkey"]
[BlackTeam "Scotland"]
[WhiteTeamCountry "TUR"]
[BlackTeamCountry "SCO"]

1. e4 e5 2. Nf3 Nc6 3. Bb5 a6 4. Ba4 Nf6 5. O-O Be7 6. Re1 b5 7. Bb3 O-O 8. h3
Na5 9. Nxe5 Nxb3 10. axb3 Bb7 11. d3 d5 12. exd5 Qxd5 13. Qf3 Bd6 14. Kf1 Rfb8
15. Qxd5 Nxd5 16. Bd2 c5 17. Nc3 Nb4 18. Rac1 Re8 19. Ng4 Rxe1+ 20. Bxe1 f5 21.
Ne3 g6 22. Ne2 Re8 23. Bd2 Kf7 24. f3 h5 25. Kf2 h4 26. Nf1 Kf6 27. Bc3+ Kf7
28. Bd2 Kf6 29. Bc3+ Kf7 30. Bxb4 cxb4 31. c4 bxc3 32. bxc3 g5 33. c4 b4 34. d4
g4 35. hxg4 fxg4 36. fxg4 Bxg2 37. c5 Bc7 38. Ne3 Rxe3 39. Kxe3 h3 40. Kf2 Bd5
41. Ng1 h2 42. Nf3 a5 43. c6 a4 44. bxa4 b3 45. Nxh2 Be4 46. Ke3 Bg6 47. Rf1+
Ke7 48. Nf3 b2 49. Nd2 Bc2 50. g5 Ba5 51. Nb1 Bb4 52. Rf2 1-0

[Event "44th Chess Olympiad Open 2022"]
[Site "Chennai"]
[Date "2022.07.30"]
[Round "2.21"]
[White "Gourlay, Iain"]
[Black "Can, Emre"]
[Result "0-1"]
[WhiteElo "2321"]
[BlackElo "2606"]
[Annotator "TA"]
[PlyCount "84"]
[EventDate "2022.07.29"]
[EventType "team-tourn"]
[EventCountry "IND"]
[SourceTitle "playchess.com"]
[Source "ChessBase"]
[SourceQuality "1"]
[WhiteTeam "Scotland"]
[BlackTeam "Turkey"]
[WhiteTeamCountry "SCO"]
[BlackTeamCountry "TUR"]

1. d4 Nf6 2. Nf3 g6 3. g3 c5 4. dxc5 Qa5+ 5. Nfd2 Bg7 6. Bg2 O-O 7. Nc3 Qxc5 8.
Nb3 Qb6 9. Bg5 h6 10. Be3 Qd8 11. Qd2 Kh7 12. h4 h5 13. Ne4 Nxe4 14. Bxe4 Nc6
15. O-O-O d6 16. f3 Ne5 17. Bd3 Nxd3+ 18. exd3 a5 19. g4 a4 20. Nd4 Ra5 21.
Rdg1 Rh8 22. Ne2 Kg8 23. gxh5 Raxh5 24. Bg5 f6 25. Be3 g5 26. f4 Rxh4 27. Rxh4
gxh4 28. f5 Bxf5 29. Nd4 Bc8 30. Qg2 Qf8 31. Qd5+ Qf7 32. Qa5 h3 33. Nf5 Bxf5
34. Qxf5 Rh5 35. Qc8+ Kh7 36. Qxb7 h2 37. Rh1 Qxa2 38. Bf4 f5 39. Rxh2 Rxh2 40.
Bxh2 Bh6+ 41. Kd1 Qb1+ 42. Ke2 Qxc2+ 0-1

[Event "44th Chess Olympiad Open 2022"]
[Site "Chennai"]
[Date "2022.07.30"]
[Round "2.21"]
[White "Tate, Alan"]
[Black "Ali Marandi, Cemil Can"]
[Result "0-1"]
[WhiteElo "2313"]
[BlackElo "2561"]
[Annotator "TA"]
[PlyCount "44"]
[EventDate "2022.07.29"]
[EventType "team-tourn"]
[EventCountry "IND"]
[SourceTitle "playchess.com"]
[Source "ChessBase"]
[SourceQuality "1"]
[WhiteTeam "Scotland"]
[BlackTeam "Turkey"]
[WhiteTeamCountry "SCO"]
[BlackTeamCountry "TUR"]

1. Nf3 d5 2. g3 Bg4 3. Bg2 Nd7 4. h3 Bxf3 5. Bxf3 e6 6. d4 Bd6 7. Nd2 Ne7 8. e4
c6 9. O-O O-O 10. Re1 Re8 11. c3 e5 12. exd5 cxd5 13. dxe5 Nxe5 14. Nb3 Qd7 15.
Bg2 Nc4 16. Nd2 Rad8 17. Nxc4 dxc4 18. Qg4 Qb5 19. Bf1 Ng6 20. Bg5 Rc8 21.
Rxe8+ Rxe8 22. Qxc4 Qxg5 0-1

[Event "44th Chess Olympiad Open 2022"]
[Site "Chennai"]
[Date "2022.07.30"]
[Round "2.22"]
[White "Nabaty, Tamir"]
[Black "Cawdery, Daniel"]
[Result "1-0"]
[WhiteElo "2631"]
[BlackElo "2417"]
[Annotator "TA"]
[PlyCount "55"]
[EventDate "2022.07.29"]
[EventType "team-tourn"]
[EventCountry "IND"]
[SourceTitle "playchess.com"]
[Source "ChessBase"]
[SourceQuality "1"]
[WhiteTeam "Israel"]
[BlackTeam "South Africa"]
[WhiteTeamCountry "ISR"]
[BlackTeamCountry "RSA"]

1. d4 Nf6 2. c4 g6 3. f3 d5 4. cxd5 Nxd5 5. e4 Nb6 6. Be3 Bg7 7. Nc3 O-O 8. Qd2
e5 9. d5 c6 10. h4 cxd5 11. exd5 N8d7 12. h5 Nf6 13. hxg6 fxg6 14. O-O-O Bd7
15. Kb1 Rc8 16. d6 Be6 17. Nh3 Nfd5 18. Nxd5 Nxd5 19. Ng5 Bf5+ 20. Bd3 Qd7 21.
Nxh7 Rfd8 22. Bg5 Nf4 23. Be4 Bxe4+ 24. fxe4 Qc6 25. d7 Qxe4+ 26. Ka1 Ra8 27.
Nf6+ Bxf6 28. Bxf6 1-0

[Event "44th Chess Olympiad Open 2022"]
[Site "Chennai"]
[Date "2022.07.30"]
[Round "2.22"]
[White "Solomon, Kenny"]
[Black "Boruchovsky, Avital"]
[Result "1/2-1/2"]
[WhiteElo "2355"]
[BlackElo "2551"]
[Annotator "TA"]
[PlyCount "107"]
[EventDate "2022.07.29"]
[EventType "team-tourn"]
[EventCountry "IND"]
[SourceTitle "playchess.com"]
[Source "ChessBase"]
[SourceQuality "1"]
[WhiteTeam "South Africa"]
[BlackTeam "Israel"]
[WhiteTeamCountry "RSA"]
[BlackTeamCountry "ISR"]

1. e4 c5 2. Nf3 d6 3. c3 Nf6 4. Be2 e6 5. O-O Nc6 6. d3 Be7 7. Nbd2 e5 8. Re1
O-O 9. Bf1 Re8 10. a3 a6 11. b4 d5 12. exd5 Nxd5 13. Bb2 Bf8 14. g3 Nb6 15. Qc2
Bf5 16. Ne4 cxb4 17. axb4 Rc8 18. Qb1 h6 19. Nh4 Bh7 20. Qa2 Qc7 21. Bh3 Rcd8
22. Rad1 Nc8 23. Nf5 Kh8 24. Qb3 Nb6 25. Ne3 Bg8 26. Qc2 Nd5 27. Nxd5 Rxd5 28.
Qe2 Bh7 29. Qf3 Rdd8 30. Bg4 Bg6 31. h4 Na7 32. h5 Bh7 33. Bf5 Bxf5 34. Qxf5
Qd7 35. g4 Qxf5 36. gxf5 Nc8 37. Kg2 Ne7 38. Ng3 Nd5 39. Kf3 Rc8 40. Rc1 f6 41.
Ne2 Nb6 42. Ng3 Red8 43. Red1 Rd7 44. Ra1 Rcd8 45. Ke4 Nc4 46. Rab1 Kg8 47. Ba1
b5 48. Bb2 Nb6 49. Bc1 Rc8 50. Bd2 Rc6 51. Rb3 Kf7 52. f4 exf4 53. Ne2 f3 54.
Nd4 1/2-1/2

[Event "44th Chess Olympiad Open 2022"]
[Site "Chennai"]
[Date "2022.07.30"]
[Round "2.22"]
[White "Barrish, Daniel"]
[Black "Smirin, Ilia"]
[Result "0-1"]
[WhiteElo "2283"]
[BlackElo "2601"]
[Annotator "TA"]
[PlyCount "164"]
[EventDate "2022.07.29"]
[EventType "team-tourn"]
[EventCountry "IND"]
[SourceTitle "playchess.com"]
[Source "ChessBase"]
[SourceQuality "1"]
[WhiteTeam "South Africa"]
[BlackTeam "Israel"]
[WhiteTeamCountry "RSA"]
[BlackTeamCountry "ISR"]

1. d4 Nf6 2. Bf4 c5 3. d5 d6 4. Nc3 a6 5. a4 e5 6. Bg5 Be7 7. Bxf6 Bxf6 8. e4
b6 9. Nf3 O-O 10. h4 Be7 11. g3 Ra7 12. Bh3 Bxh3 13. Rxh3 Qc8 14. Rh1 f5 15.
Nd2 f4 16. Qe2 fxg3 17. fxg3 Nd7 18. Nc4 Qd8 19. Rb1 Rb7 20. Na3 b5 21. axb5
axb5 22. Ncxb5 Qa5+ 23. Kd1 Qb4 24. b3 Nf6 25. c4 Qa5 26. Rf1 h5 27. Nc2 Ra8
28. Kc1 Qd8 29. Kb2 Qd7 30. Ra1 Rbb8 31. Ra4 Rxa4 32. bxa4 Ra8 33. Ra1 Bd8 34.
Qf3 Ba5 35. Ne3 Rf8 36. Rf1 g6 37. Qg2 Kg7 38. Kb3 Bd8 39. Kc2 Qc8 40. Kd3 Qa6
41. Qc2 Rf7 42. Qd1 Rf8 43. Nc3 Ba5 44. Nb5 Bd8 45. Rh1 Rf7 46. Rh2 Rf8 47. Rb2
Ba5 48. Qe2 Bd8 49. Nc3 Ba5 50. Ncd1 Bb4 51. Ra2 Rb8 52. Qc2 Be1 53. Rb2 Rb4
54. Rxb4 cxb4 55. Ke2 Bxg3 56. Kf3 Bxh4 57. c5 dxc5 58. Qxc5 Qb7 59. Qd6 Ng4
60. Nxg4 Qf7+ 61. Ke2 hxg4 62. Qxe5+ Kh7 63. d6 Qf3+ 64. Kd2 g3 65. d7 Bd8 66.
Ne3 b3 67. Qb8 Bg5 68. Qxb3 g2 69. d8=Q Bxd8 70. Qb7+ Kh6 71. Nxg2 Bg5+ 72. Kc2
Qxg2+ 73. Kb3 Bf6 74. Qd5 Qb2+ 75. Kc4 Bc3 76. Qc6 Qb4+ 77. Kd5 Qd4+ 78. Ke6
Qf6+ 79. Kd7 Qxc6+ 80. Kxc6 g5 81. Kd5 g4 82. Kc4 g3 0-1

[Event "44th Chess Olympiad Open 2022"]
[Site "Chennai"]
[Date "2022.07.30"]
[Round "2.23"]
[White "Indjic, Aleksandar"]
[Black "Tologontegin, Semetey"]
[Result "1-0"]
[WhiteElo "2620"]
[BlackElo "2378"]
[Annotator "TA"]
[PlyCount "111"]
[EventDate "2022.07.29"]
[EventType "team-tourn"]
[EventCountry "IND"]
[SourceTitle "playchess.com"]
[Source "ChessBase"]
[SourceQuality "1"]
[WhiteTeam "Serbia"]
[BlackTeam "Kyrgyzstan"]
[WhiteTeamCountry "SRB"]
[BlackTeamCountry "KGZ"]

1. d4 Nf6 2. c4 e6 3. Nf3 Bb4+ 4. Nbd2 O-O 5. a3 Be7 6. e4 d6 7. Be2 Nfd7 8. b4
e5 9. d5 a5 10. Bb2 c5 11. b5 Nb6 12. Qc2 Bg5 13. Nxg5 Qxg5 14. g4 N8d7 15. h4
Qe7 16. Nf1 Re8 17. Ng3 Nf8 18. Nh5 Ng6 19. g5 Nd7 20. O-O-O f6 21. Rdg1 fxg5
22. hxg5 Rf8 23. Bg4 Nf4 24. Bf5 Nxh5 25. Rxh5 g6 26. Be6+ Kh8 27. Rh4 Nb6 28.
Bxc8 Raxc8 29. f4 Nd7 30. f5 Rg8 31. Qd2 b6 32. Rh6 Nf8 33. Qh2 Qc7 34. Rf1 Rg7
35. fxg6 Nxg6 36. Rf6 Kg8 37. Qh3 Re8 38. Kc2 Ree7 39. Bc3 Qd7 40. Qf5 Ref7 41.
Kb3 Rxf6 42. gxf6 Rf7 43. Qxd7 Rxd7 44. Bxa5 bxa5 45. Ka4 Kf8 46. b6 Ke8 47.
Kxa5 Kd8 48. Kb5 Kc8 49. a4 Rf7 50. Kc6 Nf8 51. a5 Nd7 52. a6 Kb8 53. Kxd6 Nxf6
54. Ke6 Ng4 55. Kxf7 Nxh6+ 56. Ke6 1-0

[Event "44th Chess Olympiad Open 2022"]
[Site "Chennai"]
[Date "2022.07.30"]
[Round "2.23"]
[White "Markus, Robert"]
[Black "Abdyjapar, Asyl"]
[Result "1-0"]
[WhiteElo "2616"]
[BlackElo "2306"]
[Annotator "TA"]
[PlyCount "112"]
[EventDate "2022.07.29"]
[EventType "team-tourn"]
[EventCountry "IND"]
[SourceTitle "playchess.com"]
[Source "ChessBase"]
[SourceQuality "1"]
[WhiteTeam "Serbia"]
[BlackTeam "Kyrgyzstan"]
[WhiteTeamCountry "SRB"]
[BlackTeamCountry "KGZ"]

1. d4 Nf6 2. c4 e6 3. Nf3 c5 4. d5 d6 5. Nc3 exd5 6. cxd5 g6 7. e4 Bg7 8. Be2
O-O 9. O-O Re8 10. Nd2 a6 11. a4 Nbd7 12. Qc2 Ne5 13. Ra3 g5 14. Re1 Bd7 15.
Nf1 g4 16. Ng3 Rb8 17. a5 Ng6 18. Nd1 h5 19. Ne3 h4 20. Ngf5 Rxe4 21. Nxd6 Re5
22. Ndc4 Rg5 23. Nb6 Nf4 24. Bf1 g3 25. fxg3 hxg3 26. hxg3 N4h5 27. Nec4 Ng4
28. Rd1 Bf5 29. Qe2 Qf6 30. Qf3 Qg6 31. d6 Nhf6 32. Bxg5 Qxg5 33. Bd3 Be6 34.
Bc2 Qh5 35. Re3 Rd8 36. d7 Qh2+ 37. Kf1 Nxe3+ 38. Nxe3 Qh1+ 39. Kf2 Qh6 40. Bf5
Qg5 41. Qf4 Bh6 42. Bxe6 fxe6 43. Qxg5+ Bxg5 44. Nec4 Nd5 45. Nxd5 exd5 46.
Rxd5 Be7 47. Ke3 Kf7 48. Ke4 Ke6 49. g4 Rg8 50. g5 Bd8 51. Rd6+ Ke7 52. Kf5
Rf8+ 53. Rf6 Rg8 54. g6 Kxd7 55. Rf7+ Kc6 56. g7 Kd5 1-0

[Event "44th Chess Olympiad Open 2022"]
[Site "Chennai"]
[Date "2022.07.30"]
[Round "2.23"]
[White "Markov, Mikhail"]
[Black "Ivic, Velimir"]
[Result "1/2-1/2"]
[WhiteElo "2333"]
[BlackElo "2581"]
[Annotator "TA"]
[PlyCount "81"]
[EventDate "2022.07.29"]
[EventType "team-tourn"]
[EventCountry "IND"]
[SourceTitle "playchess.com"]
[Source "ChessBase"]
[SourceQuality "1"]
[WhiteTeam "Kyrgyzstan"]
[BlackTeam "Serbia"]
[WhiteTeamCountry "KGZ"]
[BlackTeamCountry "SRB"]

1. d4 Nf6 2. Nf3 d5 3. c4 e6 4. Qc2 c5 5. dxc5 Bxc5 6. cxd5 Qb6 7. e3 exd5 8.
a3 O-O 9. b4 Be7 10. Bb2 a5 11. b5 Bg4 12. Bd4 Qd6 13. Bd3 Nbd7 14. Qb2 Nc5 15.
Bc2 Nce4 16. Nbd2 Rac8 17. O-O Rfe8 18. Rfc1 Bf8 19. b6 Bd7 20. Nxe4 Nxe4 21.
Ne5 Be6 22. Qb5 Bf5 23. f3 Rxe5 24. Bxe4 Rxc1+ 25. Rxc1 Bxe4 26. fxe4 Rxe4 27.
Rc8 Rxd4 28. exd4 Qxa3 29. Qc5 Qe3+ 30. Kf1 Qd3+ 31. Ke1 Qe3+ 32. Kd1 Qd3+ 33.
Kc1 Qe3+ 34. Kb2 Qd2+ 35. Ka3 Qd3+ 36. Ka2 Qd2+ 37. Qc2 Qb4 38. Qc5 Qd2+ 39.
Qc2 Qb4 40. Qb3 Qxd4 41. Qa3 1/2-1/2

[Event "44th Chess Olympiad Open 2022"]
[Site "Chennai"]
[Date "2022.07.30"]
[Round "2.24"]
[White "Paichadze, Luka"]
[Black "Zambrana, Osvaldo"]
[Result "1-0"]
[WhiteElo "2561"]
[BlackElo "2417"]
[Annotator "TA"]
[PlyCount "105"]
[EventDate "2022.07.29"]
[EventType "team-tourn"]
[EventCountry "IND"]
[SourceTitle "playchess.com"]
[Source "ChessBase"]
[SourceQuality "1"]
[WhiteTeam "Georgia"]
[BlackTeam "Bolivia"]
[WhiteTeamCountry "GEO"]
[BlackTeamCountry "BOL"]

1. e4 c5 2. Nf3 Nc6 3. Bb5 g6 4. Bxc6 dxc6 5. d3 Bg7 6. Nc3 e5 7. h3 Nf6 8.
Nxe5 Nxe4 9. Nxe4 Bxe5 10. O-O O-O 11. Nxc5 b6 12. Ne4 c5 13. Re1 Bg7 14. Bg5
f6 15. Bf4 Qd5 16. Nc3 Qd7 17. Qd2 g5 18. Bg3 Bb7 19. Re2 Rae8 20. Rae1 h6 21.
Rxe8 Rxe8 22. Rxe8+ Qxe8 23. Qe3 Qc6 24. f3 f5 25. Qe2 Bd4+ 26. Kf1 Kf7 27. Nd1
Qe6 28. Qxe6+ Kxe6 29. Bb8 Kd7 30. c3 Bf6 31. Bxa7 Kc7 32. Ne3 Be7 33. Nc4 b5
34. Na5 Bd5 35. b3 Be6 36. Ke2 f4 37. a3 h5 38. b4 cxb4 39. axb4 Bf6 40. Kd2 g4
41. hxg4 hxg4 42. c4 Be7 43. Kc3 bxc4 44. dxc4 Bh4 45. Bc5 Be1+ 46. Kd4 gxf3
47. gxf3 Bf7 48. Ke4 Bd2 49. Kd3 Be1 50. Nb3 Bg6+ 51. Ke2 Bg3 52. b5 Bf7 53.
Na5 1-0

[Event "44th Chess Olympiad Open 2022"]
[Site "Chennai"]
[Date "2022.07.30"]
[Round "2.24"]
[White "Gelashvili, Tamaz"]
[Black "Mendoza, Rodrigo"]
[Result "1-0"]
[WhiteElo "2549"]
[BlackElo "2215"]
[Annotator "TA"]
[PlyCount "107"]
[EventDate "2022.07.29"]
[EventType "team-tourn"]
[EventCountry "IND"]
[SourceTitle "playchess.com"]
[Source "ChessBase"]
[SourceQuality "1"]
[WhiteTeam "Georgia"]
[BlackTeam "Bolivia"]
[WhiteTeamCountry "GEO"]
[BlackTeamCountry "BOL"]

1. e4 c6 2. d4 d5 3. e5 Bf5 4. h4 h5 5. Bg5 Qb6 6. Bd3 Bxd3 7. Qxd3 e6 8. Nd2
Qa6 9. c4 Ne7 10. Ngf3 Nf5 11. O-O Nd7 12. Qc2 Bb4 13. cxd5 cxd5 14. Rfc1 O-O
15. Nf1 Nb6 16. Qb3 Qa4 17. Rc7 Rab8 18. Ne3 Qxb3 19. axb3 Nxe3 20. fxe3 Rfc8
21. Rxc8+ Nxc8 22. Kf2 a6 23. Ne1 Bxe1+ 24. Kxe1 Na7 25. Be7 Rc8 26. Kd2 Kh7
27. Kd3 Kg6 28. b4 Nc6 29. Bd6 f6 30. e4 fxe5 31. dxe5 dxe4+ 32. Kxe4 Nxb4 33.
Kf3 Nd5 34. Ra3 Rc2 35. Rb3 b6 36. Kg3 a5 37. Kh2 Rc4 38. Kh3 Kf5 39. g3 Ke4
40. g4 a4 41. Ra3 b5 42. gxh5 Rc2 43. Rg3 Rxb2 44. Bf8 b4 45. Bxg7 a3 46. h6 a2
47. h7 Nf4+ 48. Kg4 Ng6 49. Kg5 Nh8 50. Bxh8 a1=Q 51. Bf6 Qf1 52. Rg4+ Kd5 53.
Kh6 Qf5 54. Rg8 1-0

[Event "44th Chess Olympiad Open 2022"]
[Site "Chennai"]
[Date "2022.07.30"]
[Round "2.24"]
[White "Gemy, Jose Daniel"]
[Black "Jobava, Baadur"]
[Result "0-1"]
[WhiteElo "2373"]
[BlackElo "2585"]
[Annotator "TA"]
[PlyCount "80"]
[EventDate "2022.07.29"]
[EventType "team-tourn"]
[EventCountry "IND"]
[SourceTitle "playchess.com"]
[Source "ChessBase"]
[SourceQuality "1"]
[WhiteTeam "Bolivia"]
[BlackTeam "Georgia"]
[WhiteTeamCountry "BOL"]
[BlackTeamCountry "GEO"]

1. e4 e5 2. Nf3 Nf6 3. Nxe5 d5 4. exd5 Qxd5 5. d4 Nc6 6. Nxc6 Qxc6 7. Qe2+ Kd8
8. Qc4 Qe4+ 9. Qe2 Qg6 10. Be3 Bg4 11. Qd2 Ne4 12. Bd3 Nxd2 13. Bxg6 Nf3+ 14.
gxf3 Bxf3 15. Rg1 hxg6 16. Nd2 Bc6 17. Bf4 Kd7 18. O-O-O Rh4 19. Be5 Re8 20. c3
Bd6 21. Bg3 Bxg3 22. hxg3 Rh2 23. d5 Bb5 24. c4 Ba6 25. f3 Ree2 26. b3 b5 27.
cxb5 Bxb5 28. Kc2 Re3 29. Rh1 Rf2 30. Kc1 Rc3+ 31. Kb2 Rcxf3 32. Ka3 Re3 33.
Kb4 Bd3 34. Rh7 Rxg3 35. Nc4 Bxc4 36. bxc4 Kd6 37. c5+ Kd7 38. d6 Rf4+ 39. Kb5
a6+ 40. Kxa6 Ra3+ 0-1

[Event "44th Chess Olympiad Open 2022"]
[Site "Chennai"]
[Date "2022.07.30"]
[Round "2.25"]
[White "Mastrovasilis, Dimitrios"]
[Black "Saraci, Nderim"]
[Result "1/2-1/2"]
[WhiteElo "2599"]
[BlackElo "2495"]
[Annotator "TA"]
[PlyCount "93"]
[EventDate "2022.07.29"]
[EventType "team-tourn"]
[EventCountry "IND"]
[SourceTitle "playchess.com"]
[Source "ChessBase"]
[SourceQuality "1"]
[WhiteTeam "Greece"]
[BlackTeam "Kosovo"]
[WhiteTeamCountry "GRE"]
[BlackTeamCountry "KOS"]

1. e4 e5 2. Nf3 Nc6 3. Bb5 a6 4. Ba4 Nf6 5. O-O Be7 6. Re1 b5 7. Bb3 O-O 8. d4
Nxd4 9. Nxd4 exd4 10. e5 Ne8 11. Qxd4 c5 12. Qe4 Nc7 13. c4 bxc4 14. Bc2 g6 15.
Bh6 Re8 16. Nd2 Bf8 17. Bxf8 d5 18. Qe3 Rxf8 19. Qxc5 Rb8 20. Qa3 Nb5 21. Qe3
Qb6 22. Nf3 Bg4 23. a4 Qxe3 24. Rxe3 Nc7 25. b3 Bxf3 26. Rxf3 Ne6 27. Rd1 d4
28. bxc4 Rb2 29. Be4 Ng5 30. Rf4 Nxe4 31. Rxe4 Rd8 32. Kf1 d3 33. Re3 Rc2 34.
Rexd3 Rxd3 35. Rxd3 Rxc4 36. Rd8+ Kg7 37. Rd7 Kg8 38. Rd8+ Kg7 39. Rd7 Kg8 40.
a5 Rc5 41. f4 Rxa5 42. Kf2 Ra2+ 43. Kf3 h5 44. Ra7 Ra3+ 45. Ke4 Ra4+ 46. Kf3
Ra3+ 47. Ke4 1/2-1/2

[Event "44th Chess Olympiad Open 2022"]
[Site "Chennai"]
[Date "2022.07.30"]
[Round "2.25"]
[White "Mastrovasilis, Athanasios"]
[Black "Makolli, Perparim"]
[Result "1-0"]
[WhiteElo "2527"]
[BlackElo "2247"]
[Annotator "TA"]
[PlyCount "95"]
[EventDate "2022.07.29"]
[EventType "team-tourn"]
[EventCountry "IND"]
[SourceTitle "playchess.com"]
[Source "ChessBase"]
[SourceQuality "1"]
[WhiteTeam "Greece"]
[BlackTeam "Kosovo"]
[WhiteTeamCountry "GRE"]
[BlackTeamCountry "KOS"]

1. d4 d5 2. c4 dxc4 3. e4 Nf6 4. e5 Nd5 5. Bxc4 Nb6 6. Bd3 Nc6 7. Ne2 Bg4 8. f3
Be6 9. Nbc3 Qd7 10. Ne4 Bd5 11. Nc5 Qc8 12. a3 e6 13. Qc2 Nd7 14. Ne4 a5 15.
N4c3 Nb6 16. Nxd5 Nxd5 17. Bb5 Qd7 18. Bd2 Be7 19. Rc1 O-O 20. O-O Rfb8 21. Qe4
Bf8 22. Bg5 Qc8 23. h4 Be7 24. Bd3 g6 25. Bd2 Qd7 26. Bb5 Bf8 27. Rfd1 Qd8 28.
h5 Nce7 29. hxg6 fxg6 30. Bg5 c6 31. Bc4 Qd7 32. Ba2 Bg7 33. Qg4 Nf5 34. Nc3
Re8 35. Kf2 Qf7 36. Ne4 Rf8 37. Bxd5 cxd5 38. Nf6+ Bxf6 39. Bxf6 Rfc8 40. Qf4
Ng7 41. g4 Ne8 42. Kg3 Qd7 43. Bg5 Qf7 44. Qd2 b6 45. Bh6 Ng7 46. Rc3 Qd7 47.
Rdc1 Ne8 48. Qf4 1-0

[Event "44th Chess Olympiad Open 2022"]
[Site "Chennai"]
[Date "2022.07.30"]
[Round "2.25"]
[White "Asllani, Muhamet"]
[Black "Ioannidis, Evgenios"]
[Result "0-1"]
[WhiteElo "2235"]
[BlackElo "2459"]
[Annotator "TA"]
[PlyCount "78"]
[EventDate "2022.07.29"]
[EventType "team-tourn"]
[EventCountry "IND"]
[SourceTitle "playchess.com"]
[Source "ChessBase"]
[SourceQuality "1"]
[WhiteTeam "Kosovo"]
[BlackTeam "Greece"]
[WhiteTeamCountry "KOS"]
[BlackTeamCountry "GRE"]

1. e4 e5 2. Nf3 Nc6 3. d4 exd4 4. Bc4 Nf6 5. O-O Nxe4 6. Re1 d5 7. Bxd5 Qxd5 8.
Nc3 Qd7 9. Rxe4+ Be7 10. Nxd4 f5 11. Rf4 O-O 12. Nxc6 Qxc6 13. Qd5+ Qe6 14. Rf3
c6 15. Qxe6+ Bxe6 16. Bf4 Kf7 17. Be5 Rad8 18. Re1 g6 19. Rd3 Rxd3 20. cxd3 Rd8
21. Rd1 b5 22. b3 a5 23. Ne2 a4 24. Nd4 Bd5 25. Rc1 axb3 26. axb3 b4 27. Rb1 c5
28. Ne2 Bc6 29. Rd1 Bb5 30. Nc1 c4 31. bxc4 Bxc4 32. Kf1 b3 33. Bb2 Bb4 34. f3
g5 35. Kf2 Bd5 36. Ne2 Ra8 37. Nc3 Bxc3 38. Bxc3 Ra2+ 39. Bd2 Rc2 0-1

[Event "44th Chess Olympiad Open 2022"]
[Site "Chennai"]
[Date "2022.07.30"]
[Round "2.26"]
[White "Brunello, Sabino"]
[Black "Escalona Landi, Samid Eduardo"]
[Result "1/2-1/2"]
[WhiteElo "2520"]
[BlackElo "2191"]
[Annotator "TA"]
[PlyCount "118"]
[EventDate "2022.07.29"]
[EventType "team-tourn"]
[EventCountry "IND"]
[SourceTitle "playchess.com"]
[Source "ChessBase"]
[SourceQuality "1"]
[WhiteTeam "Italy"]
[BlackTeam "Venezuela"]
[WhiteTeamCountry "ITA"]
[BlackTeamCountry "VEN"]

1. d4 Nf6 2. c4 g6 3. Nc3 Bg7 4. e4 d6 5. Nf3 O-O 6. Be2 Nbd7 7. O-O e5 8. Be3
Ng4 9. Bg5 f6 10. Bc1 Nh6 11. dxe5 dxe5 12. Be3 Ng4 13. Bd2 f5 14. exf5 gxf5
15. Ng5 Nc5 16. Bxg4 fxg4 17. Be3 Ne6 18. Qxg4 Nf4 19. Qg3 Rf5 20. Nge4 Be6 21.
b3 Qe7 22. Rad1 Kh8 23. f3 Bh6 24. Qf2 Qg7 25. Ng3 Rg5 26. Nce4 Rg6 27. Rfe1
Rg8 28. Kh1 Qe7 29. Nc5 Bc8 30. Nd3 Nxd3 31. Rxd3 Qh4 32. Ne4 Qxf2 33. Bxf2
Rxg2 34. Bg3 Rxa2 35. Nc3 Bf5 36. Bxe5+ Bg7 37. Bxg7+ Kxg7 38. Rd5 Rc2 39. Rxf5
Rxc3 40. Re7+ Kh8 41. h4 Rc1+ 42. Kh2 Rcg1 43. Rg5 R8xg5 44. hxg5 Rb1 45. Rxc7
Rxb3 46. Kg3 a5 47. c5 a4 48. Kg4 a3 49. Rc8+ Kg7 50. Ra8 h6 51. f4 hxg5 52.
Kxg5 Rb5 53. Rxa3 Rxc5+ 54. f5 Rc1 55. Rb3 Rg1+ 56. Kf4 Rf1+ 57. Ke5 Re1+ 58.
Kd6 Kf6 59. Rxb7 Kxf5 1/2-1/2

[Event "44th Chess Olympiad Open 2022"]
[Site "Chennai"]
[Date "2022.07.30"]
[Round "2.26"]
[White "Castro Torres, Jose Luis"]
[Black "Sonis, Francesco"]
[Result "0-1"]
[WhiteElo "2326"]
[BlackElo "2543"]
[Annotator "TA"]
[PlyCount "70"]
[EventDate "2022.07.29"]
[EventType "team-tourn"]
[EventCountry "IND"]
[SourceTitle "playchess.com"]
[Source "ChessBase"]
[SourceQuality "1"]
[WhiteTeam "Venezuela"]
[BlackTeam "Italy"]
[WhiteTeamCountry "VEN"]
[BlackTeamCountry "ITA"]

1. e4 c5 2. Nf3 d6 3. d4 cxd4 4. Nxd4 Nf6 5. Nc3 a6 6. Be3 e5 7. Nb3 Be7 8. h3
Be6 9. Qf3 Nbd7 10. O-O-O Rc8 11. Nd5 Bxd5 12. exd5 O-O 13. g4 Qc7 14. c3 e4
15. Qg2 Nb6 16. Bxb6 Qxb6 17. g5 Nd7 18. Qxe4 Bxg5+ 19. Kb1 Bf6 20. Bd3 g6 21.
h4 Nc5 22. Qf3 Bxc3 23. Bxg6 fxg6 24. Qxc3 Nxb3 25. Qxb3 Qxb3 26. axb3 Rxf2 27.
h5 Rcc2 28. hxg6 Rxb2+ 29. Ka1 Ra2+ 30. Kb1 hxg6 31. Rh6 Rfb2+ 32. Kc1 Rg2 33.
Kb1 Rab2+ 34. Ka1 Rxb3 35. Re1 Rg4 0-1